000 00893nam a2200205 i 4500
001 63836
003 ES-MaACL
005 20230906165000.0
007 t|
008 031217s1910 sp ||||1| spa d
080 _a37.057(460)
110 1 _aEspaña.
_bMinisterio de Instrucción Pública.
_93890
245 1 0 _aMemoria elevada a las Cortes por el Excmo. Sr. Ministro de Instrucción Pública, en que se expone, como antecedentes del proyecto de presupuesto para 1911, algunos datos acerca del estado actual de la enseñanza pública y los fundamentos de las reformas propuestas /
_cÁlvaro Figueroa y Torres.
260 _aMadrid :
_b[s.n.],
_c1910.
300 _a149 p. ;
_c29 cm.
650 4 _aEnseñanza pública-
_zEspaña.
_912311
700 1 _aRomanones, Álvaro de Figueroa y Torres,
_cConde de,
_d1863-1950
_999264
852 4 _aES-MaACL
_jT-1260-F-7
999 _c63836
_d63836